000 00752cab a2200241 4500
001 WB3404-04
008 090401t1998 xxu||||| |||| 00| 0 eng d
035 _a(Sirsi) u83339
041 _aeng
245 _aGreen principles win
260 _c1998
350 _a0
490 _aBuilding
_v263(4) 23 January 1998, 12(1)
520 _aThe Black Country Housing Association has awarded a contract on the basis of the company`s environmentally-friendly construction methods and materials.
650 _aENERGY EFFICIENCY
650 _aENVIRONMENTALLY-FRIENDLY CONSTRUCTION
650 _aGREEN BUILDINGS
650 _aHOUSING ASSOCIATIONS
650 _aPROCUREMENT POLICY
690 _aBUILT ENVIRONMENT
942 _n0
948 _c27/01/1998
999 _c52630
_d52630